00705nam a2200217Ia 450000500170000000800410001702000180005804100080007608200150008410000240009924500440012326000400016730000090020750000290021665000360024570000240028190600070030594200070031299900170031995201510033620251118163021.0230125s9999 xx 000 0 und d a81-7929-191-X aeng a158.1bAZZ aAzzopardi G9215090 aThe Best Methods For Developing Your IQ c2007bInfinity Books PubaNew Delhi a304p aPersonality Development, aPersonality Development9213420 aAzzopardi G9215090 b55 cBK c90258d90258 00104070aHIMRbHIMRd2008-03-31eBooklandg275.00i6931l0o158.1 AZZ B06430pHIMR-BK-6430r2023-01-25 00:00:00v220.00w2008-03-29yBKzB06430